Countries in Asia with Multiple 1M+ Cities - Statistics

General Stats
  • This quiz has been taken 150 times
  • The average score is 18 of 19
Answer Stats
# Country % Correct
121 China
100%
56 India
99%
17 Indonesia
98%
9 Pakistan
98%
13 Japan
97%
7 Iran
96%
5 Saudi Arabia
96%
7 South Korea
95%
2 Thailand
95%
3 Vietnam
95%
5 Iraq
93%
2 Malaysia
90%
11 Turkey
90%
3 Bangladesh
89%
4 Philippines
89%
2 United Arab Emirates
86%
3 Kazakhstan
83%
2 Myanmar
81%
4 Taiwan
81%
No matching quizzes found
Score Distribution
Percent of People with Each Score
Percentile by Number Answered
Your Score History
You have not taken this quiz